[Event "Mare di Fano op 5th"]
[Site "Fano"]
[Date "2016.08.01"]
[Round "4"]
[White "Rezzuti, Vincenzo"]
[Black "Esposti, Federico"]
[Result "0-1"]
[WhiteElo "1937"]
[BlackElo "2063"]
[PlyCount "60"]
[EventDate "2016.07.30"]
[EventType "swiss"]
[EventRounds "9"]
[EventCountry "ITA"]
[SourceTitle "CBM 173 Extra"]
[Source "ChessBase"]
[SourceDate "2016.08.29"]
[SourceVersion "1"]
[SourceVersionDate "2016.08.29"]
[SourceQuality "1"]

1. e4 c5 2. c3 d5 3. exd5 Qxd5 4. d4 Nf6 5. Nf3 e6 6. Be2 Nc6 7. 0-0 cxd4 8. cxd4 Be7 9. Nc3 Qd8 10. h3 0-0 11. Bc4 a6 12. a4 Qc7 13. Qe2 Nb4 14. Bg5 b6 15. Rac1 Qd8 16. Rfd1 Bb7 17. Qe5 Rc8 18. Bxe6 fxe6 19. Qxe6+ Kh8 20. Ne5 Nfd5 21. Ne4 Qe8 22. Nd6 Bxd6 23. Qxd6 Rf5 24. Rxc8 Bxc8 25. Bd8 Rh5 26. Rc1 Be6 27. Bxb6 Rh6 28. Qc5 Nxb6 29. Qxb6 Nd5 30. Rc6 Nxb6 0-1

[Event "Mare di Fano op 5th"]
[Site "Fano"]
[Date "2016.07.31"]
[Round "2"]
[White "Misiano, Franco"]
[Black "Esposti, Federico"]
[Result "1-0"]
[WhiteElo "2296"]
[BlackElo "2063"]
[PlyCount "39"]
[EventDate "2016.07.30"]
[EventType "swiss"]
[EventRounds "9"]
[EventCountry "ITA"]
[SourceTitle "CBM 173 Extra"]
[Source "ChessBase"]
[SourceDate "2016.08.29"]
[SourceVersion "1"]
[SourceVersionDate "2016.08.29"]
[SourceQuality "1"]

1. e4 c5 2. Nf3 d6 3. d4 cxd4 4. Nxd4 Nf6 5. Nc3 a6 6. Bg5 e6 7. f4 Qc7 8. Qf3 b5 9. 0-0-0 b4 10. e5 Bb7 11. Qh3 dxe5 12. Bb5+ axb5 13. Ncxb5 Qc8 14. Nxe6 fxe6 15. Bxf6 b3 16. Rd8+ Qxd8 17. Bxd8 Kxd8 18. Qxe6 Nd7 19. Rd1 Bc8 20. Qc6 1-0

[Event "ITA-ch U16"]
[Site "Montesilvano"]
[Date "2015.07.01"]
[Round "4"]
[White "Esposti, Federico"]
[Black "Palozza, Christian"]
[Result "1-0"]
[WhiteElo "1888"]
[BlackElo "1971"]
[PlyCount "119"]
[EventDate "2015.06.29"]
[EventType "swiss"]
[EventRounds "9"]
[EventCountry "ITA"]
[SourceTitle "EXT 2024"]
[Source "ChessBase"]
[SourceDate "2023.10.10"]
[SourceVersion "1"]
[SourceVersionDate "2023.10.10"]
[SourceQuality "1"]

1. e4 c6 2. d4 d5 3. Nc3 dxe4 4. Nxe4 Bf5 5. Ng3 Bg6 6. N1e2 h6 7. Nf4 Bh7 8. Bc4 Nf6 9. 0-0 Nd5 10. Bxd5 cxd5 11. Qh5 Bxc2 12. Qxd5 Qxd5 13. Nxd5 Kd8 14. Bf4 Na6 15. Rac1 Ba4 16. h4 Bc6 17. Ne3 Nb4 18. Rfd1 e6 19. a3 Nd5 20. Nxd5 Bxd5 21. Ne2 Be7 22. Bg3 f6 23. Nf4 Re8 24. Nxd5 exd5 25. Rc7 Rb8 26. Rdc1 g5 27. h5 a6 28. Kh2 b5 29. Ra7 Rc8 30. Rxc8+ Kxc8 31. Rxa6 Bd8 32. Rc6+ Kb7 33. Rc5 Bb6 34. Rxd5 Rd8 35. Rxb5 Kc6 36. a4 Bxd4 37. Kg1 Ra8 38. b3 Re8 39. Kf1 Bc5 40. f3 Bd4 41. Bf2 Bb2 42. Rc5+ Kd6 43. Rc2 Ba3 44. Rc4 Bb2 45. b4 Ra8 46. a5 Be5 47. Bb6 Kd7 48. Ke2 Bd6 49. Bc5 Bf4 50. Re4 Be5 51. Bd4 Bxd4 52. Rxd4+ Kc6 53. Kd3 Ra7 54. Kc4 Re7 55. b5+ Kb7 56. Re4 Rc7+ 57. Kd5 Rc2 58. Re7+ Kb8 59. Rh7 Rxg2 60. Rxh6 1-0

[Event "ITA-ch U14"]
[Site "Tarvisio"]
[Date "2014.07.04"]
[Round "8"]
[White "Esposti, Federico"]
[Black "Lodici, Lorenzo"]
[Result "0-1"]
[WhiteElo "1747"]
[BlackElo "2105"]
[PlyCount "132"]
[EventDate "2014.06.29"]
[EventType "swiss"]
[EventRounds "9"]
[EventCountry "ITA"]
[SourceTitle "EXT 2015"]
[Source "ChessBase"]
[SourceDate "2014.11.20"]
[SourceVersion "1"]
[SourceVersionDate "2014.11.20"]
[SourceQuality "1"]

1. e4 c5 2. Nc3 a6 3. g3 b5 4. Bg2 Bb7 5. Nge2 e6 6. 0-0 Be7 7. f4 d5 8. exd5 exd5 9. d4 c4 10. f5 Nf6 11. Nf4 b4 12. Nce2 0-0 13. Nh3 Re8 14. Nf2 a5 15. g4 Nbd7 16. c3 h6 17. Bf4 Nh7 18. Qd2 Ndf6 19. Ng3 Bd6 20. Rfe1 Qc7 21. Bxd6 Qxd6 22. Rxe8+ Rxe8 23. Re1 Rb8 24. Re2 Bc6 25. Qe1 bxc3 26. Qxc3 a4 27. Nf1 h5 28. h3 hxg4 29. hxg4 Ra8 30. Nd2 Qf4 31. Qe3 Qxe3 32. Rxe3 Rb8 33. b3 cxb3 34. axb3 Rb4 35. bxa4 Rxd4 36. Nf3 Rxa4 37. Ne5 Be8 38. Rd3 Bb5 39. Rd2 Ra1+ 40. Kh2 Re1 41. Nf3 Re2 42. Rxe2 Bxe2 43. Kg3 Kf8 44. Kf4 Ke7 45. g5 Nd7 46. Nd4 Bc4 47. g6 fxg6 48. fxg6 Nhf8 49. Kg5 Ne6+ 50. Nxe6 Kxe6 51. Bh3+ Kd6 52. Bf5 Nf6 53. Kf4 d4 54. Ne4+ Nxe4 55. Kxe4 d3 56. Ke3 Ke5 57. Bxd3 Bxd3 58. Kxd3 Kf5 59. Ke3 Kxg6 60. Kf4 Kh5 61. Kg3 Kg5 62. Kf3 Kh4 63. Kf4 g5+ 64. Kf3 Kh3 65. Kf2 g4 66. Kg1 Kg3 0-1

[Event "Pescia op-A 5th"]
[Site "Pescia"]
[Date "2013.10.13"]
[Round "5"]
[White "Mangili, Davide"]
[Black "Esposti, Federico"]
[Result "0-1"]
[WhiteElo "1858"]
[BlackElo "1689"]
[PlyCount "44"]
[EventDate "2013.10.11"]
[EventType "swiss"]
[EventRounds "5"]
[EventCountry "ITA"]
[SourceTitle "EXT 2015"]
[Source "ChessBase"]
[SourceDate "2014.11.20"]
[SourceVersion "1"]
[SourceVersionDate "2014.11.20"]
[SourceQuality "1"]

1. d4 d5 2. Nf3 Nf6 3. Bf4 c5 4. c3 Nc6 5. Nbd2 Bf5 6. e3 Qb6 7. Qc1 Nh5 8. dxc5 Qxc5 9. Nb3 Qb6 10. Bg5 h6 11. Bh4 g5 12. Bg3 Nxg3 13. hxg3 Bg7 14. Nbd4 Bg6 15. Nxc6 bxc6 16. Nd4 c5 17. Nc2 Rc8 18. a4 0-0 19. Be2 d4 20. exd4 cxd4 21. Bg4 dxc3 22. Rb1 cxb2 0-1